| 000 | 00803nam a2200241 4500 | ||
|---|---|---|---|
| 003 | OSt | ||
| 005 | 20260530113853.0 | ||
| 008 | 260508b2002 |||o|||| |||| 00| 0 eng d | ||
| 040 |
_aICI _bspa _cICI |
||
| 041 | _aspa | ||
| 050 |
_aNK1505 _b.V46 |
||
| 100 | 1 |
_aCarla M. Perri, Javier de Ponti • Valentina Mangioni _931473 |
|
| 245 | 1 | 0 |
_aVeneno _bdiseño | objeto | producto _cJavier de Ponti, Valentina Mangioni. |
| 264 | 1 |
_bMéxico _c2002 |
|
| 300 | _a47 páginas | ||
| 338 |
_avolumen _2rdacarrier |
||
| 650 |
_2Diseño industrial _xPublicaciones periódicas. _931474 |
||
| 650 |
_2Diseño de productos _xPublicaciones periódicas. _931474 |
||
| 700 |
_aCarla M. Perri _edir. _931475 |
||
| 700 |
_aPonti, Javier de _ccoor. _931476 |
||
| 700 |
_aMangioni, Valentina _casis. _931477 |
||
| 942 |
_2lcc _cBK |
||
| 999 |
_c11541 _d11541 |
||